Temas claves de responsabilidad social empresarial / (Registro nro. 7519)
[ vista simple ]
| 000 -LEADER | |
|---|---|
| fixed length control field | 01106nam a22002777a 4500 |
| 003 - CONTROL NUMBER IDENTIFIER | |
| control field | OSt |
| 005 - DATE AND TIME OF LATEST TRANSACTION | |
| control field | 20210310113908.0 |
| 008 - FIXED-LENGTH DATA ELEMENTS--GENERAL INFORMATION | |
| fixed length control field | 210310s2015 ck ao||gr|||| 01| 0dspa d |
| 020 ## - INTERNATIONAL STANDARD BOOK NUMBER | |
| International Standard Book Number | 9789588930312 |
| 040 ## - CATALOGING SOURCE | |
| Original cataloging agency | CO-JMCR |
| Transcribing agency | CO-JMCR |
| 041 0# - LANGUAGE CODE | |
| Language code of text/sound track or separate title | spa |
| 082 04 - DEWEY DECIMAL CLASSIFICATION NUMBER | |
| Classification number | 658.408 / |
| Item number | S572t |
| Edition number | 23 |
| 100 1# - MAIN ENTRY--PERSONAL NAME | |
| Personal name | Sierra Montoya, Jorge Emilio, |
| Relator term | autor |
| 9 (RLIN) | 11034 |
| 245 10 - TITLE STATEMENT | |
| Title | Temas claves de responsabilidad social empresarial / |
| Statement of responsibility, etc. | Jorge Emilio Sierra Montoya |
| 260 ## - PUBLICATION, DISTRIBUTION, ETC. | |
| Place of publication, distribution, etc. | Barranquilla : |
| Name of publisher, distributor, etc. | Ediciones Universidad Simón Bolívar, |
| Date of publication, distribution, etc. | 2015 |
| 300 ## - PHYSICAL DESCRIPTION | |
| Extent | 171 páginas : |
| Other physical details | ilustraciones y fotografías a blanco y negro ; |
| Dimensions | 22 cm. |
| 490 0# - SERIES STATEMENT | |
| Series statement | Responsabilidad Social Empresarial y Universitaria ; |
| Volume/sequential designation | 4 |
| 500 ## - GENERAL NOTE | |
| General note | Incluye datos biográficos del autor. |
| 505 0# - FORMATTED CONTENTS NOTE | |
| Formatted contents note | Temas estructurales -- Temas de coyuntura |
| 586 ## - AWARDS NOTE | |
| Awards note | Premio al mérito empresarial Universidad Simón Bolívar |
| 650 14 - SUBJECT ADDED ENTRY--TOPICAL TERM | |
| Topical term or geographic name entry element | Responsabilidad social de los negocios |
| 9 (RLIN) | 12766 |
| 650 24 - SUBJECT ADDED ENTRY--TOPICAL TERM | |
| Topical term or geographic name entry element | Desarrollo sostenible |
| Geographic subdivision | Colombia |
| 9 (RLIN) | 10195 |
| 650 24 - SUBJECT ADDED ENTRY--TOPICAL TERM | |
| Topical term or geographic name entry element | Ética de los negocios |
| 9 (RLIN) | 1608 |
| 650 24 - SUBJECT ADDED ENTRY--TOPICAL TERM | |
| Topical term or geographic name entry element | Responsabilidad por el medio ambiente |
| 9 (RLIN) | 14652 |
| 942 ## - ADDED ENTRY ELEMENTS (KOHA) | |
| Source of classification or shelving scheme | Dewey Decimal Classification |
| Koha item type | Books |
| Withdrawn status | Lost status | Source of classification or shelving scheme | Damaged status | Not for loan | Collection code | Home library | Current library | Date acquired | Source of acquisition | Total Checkouts | Full call number | Barcode | Date last seen | Copy number | Price effective from | Koha item type |
|---|---|---|---|---|---|---|---|---|---|---|---|---|---|---|---|---|
| Dewey Decimal Classification | Non-fiction | Biblioteca Pública José María del Castillo y Rada | Biblioteca Pública José María del Castillo y Rada | 10/02/2020 | Donación | 658.408 / S572t | 201810779 | 05/16/2024 | Ej.1 | 03/10/2021 | Books |